[Event "Ciocaltea Memorial"]
[Site "Bucharest"]
[Date "1998.??.??"]
[Round "5"]
[White "Aronian, Levon"]
[Black "Milu, Romeo Sorin"]
[Result "1/2-1/2"]
[WhiteElo "2455"]
[BlackElo "2395"]
[Annotator "Schulz,Andre"]
[PlyCount "83"]
[EventDate "1998.02.??"]
[EventType "tourn"]
[EventRounds "13"]
[EventCountry "ROU"]
[EventCategory "11"]
[SourceTitle "CBM 064"]
[Source "ChessBase"]
[SourceDate "1998.06.02"]
[SourceVersion "1"]
[SourceVersionDate "1998.06.02"]
[SourceQuality "1"]

1. e4 c5 2. Nf3 Nc6 3. d4 cxd4 4. Nxd4 g6 5. Nb3 Nf6 6. Nc3 Bg7 7. Be2 O-O 8.
O-O d6 9. Re1 {Die Idee von Weiß besteht darin, mit Bg5 und Nd5 auf den
schwarzen Nf6 Druck auszuüben, damit dieser auf d5 tauscht. Der Re1 ermöglicht
nach folgendem Bf1 den Zug Nd5 weil er den Be4 deckt. Außerdem steht der R
nach Tausch auf d5 nach exd5 schon auf der dann halboffenen Linie.} Be6 10. Bg5
(10. Bf1) 10... h6 (10... d5 $5) 11. Bh4 g5 12. Bg3 d5 13. Nc5 d4 14. Nb5 Bc8
15. e5 Nd7 16. Nxd7 Bxd7 17. Bc4 Qb6 18. e6 Bxe6 19. Rxe6 fxe6 20. Nc7 {
Bis hierhin folgten beide Spieler der Partie Romero Holmes-Leko 1993} Ne5 (
20... Rac8 $1 21. Bxe6+ Kh8 22. Bxc8 Rxc8 23. Ne6 Qxb2 24. Nxg7 Kxg7 $15 {
0-1 Romero Holmes,A-Leko,P/Leon 1993/CBM 36/(44)}) 21. Nxa8 Rxa8 22. Bb3 Nd7
$11 23. Qh5 Nc5 24. Qg6 {[%cal Rg3e5]} Kh8 25. Re1 e5 26. Bf7 Qxg6 27. Bxg6 Nd7
28. f3 Bf6 29. Be4 Rb8 30. Bf5 Rd8 31. Rc1 Nc5 32. Re1 Nd7 33. Kf1 Kg7 34. Ke2
Kf7 35. Kd2 e6 36. Be4 Nc5 37. Bd3 Nxd3 38. cxd3 Rd5 39. Rc1 Ke7 40. Rc8 Rd8
41. Rc7+ Rd7 42. Rc4 1/2-1/2

[Event "RUS-Cup01 Chigorin Memorial"]
[Site "St Petersburg"]
[Date "1997.11.09"]
[Round "9"]
[White "Lastin, Alexander"]
[Black "Motylev, Alexander"]
[Result "0-1"]
[WhiteElo "2550"]
[BlackElo "2450"]
[Annotator "Schulz,Andre"]
[PlyCount "62"]
[EventDate "1997.11.01"]
[EventType "swiss"]
[EventRounds "9"]
[EventCountry "RUS"]
[SourceTitle "CBM 062"]
[Source "ChessBase"]
[SourceDate "1998.01.31"]
[SourceVersion "1"]
[SourceVersionDate "1998.01.31"]
[SourceQuality "1"]

1. e4 c5 2. Nc3 Nc6 3. Nge2 g6 4. d4 cxd4 5. Nxd4 Bg7 6. Nb3 Nf6 7. Be2 O-O 8.
O-O d6 9. Re1 {Eine junge Variante, die Anfang der 90er in Mode gekommen ist.
Weiß räumt die e-Linie für den Turm, macht mit Bg5 und Nd5 Druck gegen f6, um
Schwarz zum Tausch auf d5 zu bewegen und hofft dann nach exd5 Spiel auf der
e-Linie gegen den e7 zu bekommen.} (9. Be3 Be6 10. f4) 9... a5 (9... Be6) (9...
a6) 10. a4 Be6 11. Bg5 h6 12. Bh4 Nb4 (12... Bxb3 13. cxb3 Nb4) 13. Nd4 Bd7 14.
Ndb5 Rc8 15. Bf1 g5 16. Bg3 Ng4 17. Qd2 Be6 18. Rad1 Qb6 19. h4 $2 (19. h3 $142
) 19... Rc5 20. Be2 $2 (20. hxg5 $142) 20... gxh4 21. Bxh4 Rh5 22. Bg3 Be5 23.
Bxg4 (23. Bxe5 $4 Qxf2#) 23... Bxg4 24. Bxe5 dxe5 25. Rc1 (25. Ne2 Qf6 26. Rc1
Qh4 27. f3 (27. Ng3 $4 Qh2+ 28. Kf1 Qh1+ 29. Nxh1 Rxh1#) 27... Qh2+ 28. Kf1 (
28. Kf2 Bh3 29. Rg1 Rg5 $19) 28... Bxf3 $40) 25... Kh7 $17 (25... Qf6) 26. Re3
$2 (26. Nd1 {[%cal Yd1e3]}) 26... Rg8 27. Rg3 Qf6 28. Qe3 Qh4 29. f4 exf4 30.
Qxf4 e5 31. Qe3 f5 (31... f5 32. exf5 Qh1+ 33. Kf2 Rxf5+ $19) 0-1

[Event "Wch U20 54th"]
[Site "Khanty-Mansiysk"]
[Date "2015.09.08"]
[Round "7"]
[White "Van Foreest, Jorden"]
[Black "Duda, Jan Krzysztof"]
[Result "0-1"]
[WhiteElo "2541"]
[BlackElo "2645"]
[Annotator "Schulz,Andre"]
[PlyCount "86"]
[EventDate "2015.09.02"]
[EventType "swiss"]
[EventRounds "13"]
[EventCountry "RUS"]
[SourceTitle "EXT 2016"]
[Source "ChessBase"]
[SourceDate "2015.10.08"]
[SourceVersion "1"]
[SourceVersionDate "2015.10.08"]
[SourceQuality "1"]

1. e4 c5 2. Nc3 d6 3. Nge2 Nf6 4. g3 g6 5. Bg2 Bg7 (5... Nc6 {ist vielleicht
etwas genauer:} 6. d4 cxd4 7. Nxd4 Nxd4 (7... Bd7) 8. Qxd4 Bg7 9. O-O O-O 10.
Qd3 (10. Qb4)) 6. d4 cxd4 7. Nxd4 Bd7 {So geht es aber auch.} (7... Nc6 {
wäre hier weniger gut, wegen} 8. Nxc6 bxc6 9. e5) 8. h3 Nc6 9. Nde2 {Der
Springer kann von hier über f4 nach d5 gelangen.} (9. Be3 $6 {bringt hier
wenig wegen} O-O 10. O-O Ne5 11. Qe2 Qc8 12. Kh2 Nc4 $15) 9... h5 ({Ebenfalls
gespielt wurden} 9... Qc8 $5) ({oder} 9... O-O) 10. Bg5 ({Andere Züge:} 10.
Be3 Ne5 11. b3 Rc8 12. f4 Nc6 13. Qd2 Qa5 14. Rc1 Nd8 15. a4 h4 16. g4 Nxg4 17.
hxg4 h3 18. Bf1 Bxg4 19. Nd5 Qxd2+ 20. Kxd2 e6 21. Ndc3 a6 22. Nd1 Bf3 23. Rxh3
Bxe4 24. Rxh8+ Bxh8 25. Nf2 Bc6 26. c4 e5 27. Nc3 Ne6 28. Nd3 f5 29. Be2 Bg7
30. Nd5 Bxd5 31. cxd5 Rxc1 32. Kxc1 Nc7 33. fxe5 dxe5 34. d6 Nd5 35. Bg5 b6 36.
a5 Kd7 37. axb6 Nxb6 38. Be7 a5 39. Nc5+ Kc6 40. Na4 Bh6+ 41. Kd1 Be3 42. Nc3
Kd7 {1-0 (42) Romanishin,O (2575)-Chekhov,V (2530) Sochi 1983}) ({Oder} 10. O-O
Qc8 11. Kh2 {und nun ist} h4 12. g4 Bxg4 13. hxg4 Nxg4+ {wohl zu optimistisch:}
14. Kh1 Nce5 15. Nf4 h3 16. Nxh3 Qd7 17. f3 Nf6 18. Kh2 O-O-O 19. Rh1 d5 20.
exd5 Qd6 21. Kg1 Qc5+ 22. Nf2 Rxh1+ 23. Bxh1 Nxd5 24. Nxd5 Rxd5 25. Qe2 Nc4 26.
c3 Re5 27. Qf1 Rh5 28. Rb1 Be5 29. f4 Bf6 30. b3 Nd6 31. Bf3 Rh4 32. Qd3 Qa5
33. Be3 Qxa2 34. c4 Nf5 35. Rd1 {1-0 (35) Sarkozy,L (2373)-Zwardon,V (2247)
Pardubice 2010}) 10... b5 $5 {Ein neuer Zug.} ({Schwarz fuhr in zwei
Vorgängerpartien auch gut mit} 10... Qa5) 11. O-O (11. Nxb5 Rb8 $15) 11... Qc8
12. Nd5 (12. Kh2 h4 {gefiel Weiß nicht:} 13. Bxh4 (13. g4 Ne5 {mit der
Drohung Sxg4.}) 13... b4 (13... g5 14. Bxg5 Bxh3 15. Bh4 Bg4 $13) 14. Nd5 Nxd5
15. exd5 Ne5 16. f4 Nc4 $17) 12... Nxd5 13. exd5 Ne5 14. h4 (14. Kh2 h4 $40)
14... O-O $15 {Schwarz hat nun sehr bequemes Spiel.} 15. Nd4 (15. Bxe7 $2 Re8
16. Bg5 (16. Bxd6 Nc4 17. Bf4 Nxb2 18. Qe1 Qxc2 $19) 16... Bg4 17. f3 Bf5 18.
Nd4 Nc4 19. Nxf5 Qxf5 $17) 15... Re8 16. Re1 b4 {Erobert Raum am Damenflügel
und schafft Platz für weitere Operationen.} 17. a3 Rb8 $1 ({Nach} 17... a5 18.
axb4 axb4 19. Rxa8 Qxa8 {ist der schwarze Vorteil am Damenflügel weitgehend
verflogen.}) 18. axb4 Rxb4 19. Nc6 (19. Rxa7 $4 Rxd4 20. Qxd4 Nf3+ $19) 19...
Bxc6 20. dxc6 Rxb2 21. Rxa7 (21. Qd5 {Bessere Verteidigungschancen bot
vielleicht} Rb6 (21... a6 22. Rab1 (22. Reb1 Rxc2 23. Rc1 Rxc1+ 24. Rxc1 Qc7
25. Qb3 $14)) (21... Rxc2 22. Rec1 Rxc1+ 23. Rxc1 {und der c-Bauer wird stark.}
) 22. Rxa7 Nxc6 23. Be3 Nxa7 24. Bxb6 Qb8 25. Be3 {Mit Kompensation dank des
Läuferpaars und aktiver Figurenstellung.}) 21... Nxc6 22. Bxc6 (22. Ra4 Ne5
23. Ra8 Qd7 24. Rxe8+ Qxe8 $17 {mit viel aktiverer schwarzer Figurenstellung
als in der Variante C) zum 21. Zug}) 22... Qxc6 23. Raxe7 Rxe7 24. Bxe7 Bc3 25.
Qc1 $2 (25. Re3 Be5 $17) 25... Rb7 {Nun hat Schwarz viele Drohungen.} 26. Qh6 (
26. Re3 Ra7 $19) 26... Qe8 27. Re3 Rxe7 28. Rxc3 Re1+ 29. Kg2 Qe4+ 30. Rf3 (30.
Kh2 Qh1#) 30... Qe2 31. Re3 Qf1+ 32. Kf3 Qh1+ 33. Kf4 Qg2 (33... Rxe3 $3 34.
fxe3 (34. Kxe3 Qc1+) 34... Qd1 35. Qg5 Kh7 {droht nun f6, gefolgt von Dg4.} 36.
Ke4 f5+ {gefolgt von Matt.}) 34. Rxe1 Qxf2+ 35. Ke4 Qxe1+ 36. Qe3 Qxe3+ 37.
Kxe3 f6 38. Ke4 Kf7 39. Kd5 Ke7 40. c4 g5 41. Kd4 Ke6 42. Ke4 f5+ 43. Kd4 g4
0-1

[Event "RUS-Cup3"]
[Site "Omsk"]
[Date "1996.??.??"]
[Round "3"]
[White "Fedorov, Alexei"]
[Black "Aronian, Levon"]
[Result "1-0"]
[WhiteElo "2555"]
[BlackElo "2390"]
[Annotator "Schulz,Andre"]
[PlyCount "141"]
[EventDate "1996.12.13"]
[EventType "swiss"]
[EventRounds "9"]
[EventCountry "RUS"]
[SourceTitle "CBM 057"]
[Source "ChessBase"]
[SourceDate "1997.04.01"]
[SourceVersion "1"]
[SourceVersionDate "1997.04.01"]
[SourceQuality "1"]

1. e4 c5 2. Nf3 d6 3. d4 cxd4 4. Nxd4 Nf6 5. Nc3 g6 6. Be2 Nc6 7. Nb3 Bg7 8.
O-O O-O 9. Re1 {Diese Idee ist seit 1990 populär geworden.} Be6 10. Bf1 {
Schwarz kann hier alles mögliche spielen. Der Zug d6-d5 ist die prinzpiellste
Fortsetzung, denn in Sizilianisch strebt der Schwarze (angeblich) danach sich
mit d6-d6 zu befreien.} d5 (10... Rc8) (10... a5) (10... a6) 11. Nc5 d4 (11...
Bg4 12. f3 d4 {1-0 Orlov,V-Fedorov,A/St.Petersburg op2 1994 (55)}) 12. Ne2 (12.
Nxe6 fxe6 13. Nb1 Ne5 14. h3 Qb6 {Bauer,C-Aronian,L/Candas op 1996/1-0 (61)})
12... Bc8 13. Ng3 b6 14. Nd3 e5 {Nun ist ein für Sizilianisch ganz untypischer
Stellungstyp entstanden.} 15. Bd2 Bb7 16. c4 a5 17. b3 Re8 18. a3 Nd7 19. b4
Qh4 20. Nh1 Nd8 21. g3 Qe7 22. f3 f6 23. Nhf2 Nf7 24. Qb3 Bc6 25. Bh3 Nf8 26.
Reb1 a4 27. Qa2 f5 28. b5 Bd7 29. Nb4 Rac8 30. Nd5 Qd8 31. Rb4 Kh8 32. Rxa4 Nd6
33. Bf1 Ne6 34. Re1 Nc5 35. Ra7 Be6 36. a4 fxe4 37. Nxe4 Bxd5 38. cxd5 Ndxe4
39. fxe4 Ra8 40. Rxa8 Qxa8 41. a5 bxa5 42. Qxa5 Qxa5 43. Bxa5 d3 44. d6 Bf8 45.
Bc7 Re6 46. Bh3 Bxd6 47. Bxe6 Bxc7 48. Bd5 Ba5 49. Ra1 Bc3 50. Ra8+ Kg7 51. Kf1
d2 52. Ke2 Nd3 53. Ra3 Nf2 54. Bb3 Bd4 55. Kxd2 Nxe4+ 56. Kd3 Nd6 57. Bc4 Bg1
58. Ra6 e4+ 59. Kc3 Nc8 60. Bd5 Bxh2 61. b6 Bxg3 62. b7 Ne7 63. Bxe4 Ng8 64.
Ra8 Nf6 65. Bc6 Be5+ 66. Kc4 h5 67. b8=Q Bxb8 68. Rxb8 h4 69. Kd4 g5 70. Ke5
Ng8 71. Be4 1-0

[Event "Mermaid Beach Club"]
[Site "Bermuda"]
[Date "1997.??.??"]
[Round "1"]
[White "De Firmian, Nick E"]
[Black "Hodgson, Julian M"]
[Result "0-1"]
[WhiteElo "2575"]
[BlackElo "2560"]
[Annotator "Schulz,Andre"]
[PlyCount "110"]
[EventDate "1997.01.??"]
[EventType "tourn"]
[EventRounds "11"]
[EventCountry "BER"]
[EventCategory "11"]
[SourceTitle "CBM 058"]
[Source "ChessBase"]
[SourceDate "1997.06.01"]
[SourceVersion "1"]
[SourceVersionDate "1997.06.01"]
[SourceQuality "1"]

1. e4 {Baburin} c5 2. Nf3 d6 3. d4 cxd4 4. Nxd4 Nf6 5. Nc3 g6 6. Bc4 Bg7 7. h3
O-O 8. Bb3 b6 $1 {Die sofortige Fianchettierung des Bc8 ohne umständliches
a7-a6 beschleunigt die schwarze Entwicklung und erzeugt Druck gegen e4.} ({
Die Alternative ist} 8... a6) 9. O-O Bb7 10. Re1 Nbd7 11. Bg5 Rc8 (11... h6 12.
Bh4 Rc8 13. f3 (13. Nd5) 13... a6 14. a4 (14. Qd2 b5) 14... Nc5 15. Ba2 Re8 16.
Qd2 e5 $1 $132 {Kholmov,R-Golubev,M/Moscow 1996/1/2-1/2 (56)}) 12. Nd5 Rc5 {
[%csl Re4][%cal Yd8a8,Ya8e4]} (12... e6 13. Nxf6+ Nxf6 14. Qd3 Rc5 15. Nf3 Qa8
16. Bxf6 Bxf6 17. c3 Rd8 18. Qe3 Qc8 $17 {0-1 Borocz,I-Kahn,E/Budapest FS10
IM-A 1993 (41)}) 13. c3 (13. Qd2 Re8 14. c4 a6 15. a4 $6 e6 16. Nxf6+ Nxf6 17.
Bh4 $6 g5 $1 $17 {Razsmyslov,E-Golubev,N/UKR/1988/}) 13... Re8 (13... Nxd5 $2
14. Bxd5 Bxd5 15. exd5 {[%csl Re7][%cal Re1e7]}) 14. Nf3 (14. Z0 Nxe4 $140 15.
Rxe4 Bxd5) 14... Qa8 15. Be3 Nxd5 $1 {Schwarz zieht konsequent durch - das
sizilianische Qualitätsopfer einmal woanders.} ({Baburin: Black could get good
play after the dull} 15... Rcc8 {Baburin as well, but his attempt to seize the
initiative is much more interesting.}) 16. exd5 Bxd5 {[#]The point - Black
sacrifices the exchange for a pawn and better pawn forrmation.} 17. Bxc5 Bxf3
18. gxf3 (18. Qxf3 $142 Qxf3 19. gxf3 Nxc5 $17 {[%cal Yc5e6,Ye6f4]}) 18... Nxc5
19. Ba4 {This is the point of keeping the queens on - White either forces
Black to exchange the knight or wins the e7-pawn. However, the weakened pawn
formation can give Black enough play and Black correctly keeps the knight on
the board by giving away more material after} Rf8 $1 {Schwarz gibt lieber den
Bauern e7 als den starken Springer.} (19... Nxa4 $2 20. Qxa4 $44) 20. Rxe7 Qd8
{[%cal Yd8h4]} 21. Rxa7 Qg5+ $40 22. Kh1 Qh4 23. f4 (23. Z0 Qxh3+ $140 24. Kg1
Be5 25. Z0 Bh2+ 26. Kh1 Bg3+ 27. Kg1 Qh2+ 28. Kf1 Qxf2#) (23. Kg2 {Baburin} Ne6
$5 $13 (23... Qg5+ 24. Kh1 Qh4 $11)) 23... Qxf2 24. Qc2 Qe3 $1 {[%cal Yc5e4,
Yc5d3]} (24... Qxf4 $6) 25. Bc6 Nd3 26. Re7 $2 {White's desire to move the
rook closer to the scene of action is understandable, but the text has some
tactical drawbacks.} (26. Bg2 $142 Nxf4 (26... Nf2+ 27. Kh2 Bh6 (27... Qxf4+
28. Kg1 $18 {[%csl Rf2]}) 28. Ra4 Bxf4+ 29. Rxf4 Qxf4+ 30. Kg1 Nxh3+ 31. Bxh3
$16) 27. Qe4 Qg3 28. Qf3 $14) (26. Qg2 $142 {Baburin} Nxb2 (26... Nf2+ 27. Kh2
Qxf4+ (27... Bh6 28. Qf3 Qd2 29. Kg1 Bxf4) 28. Kg1 Nd3) 27. Qf3) 26... Nf2+ 27.
Kg2 Qxh3+ 28. Kxf2 (28. Kg1 Qg3+ 29. Kf1 Nh3 (29... Nd3 {Baburin}) 30. Qg2
Qxf4+ 31. Qf3 Qc4+ 32. Kg2 Nf4+ $40) 28... Qh4+ 29. Kg2 Qxe7 $19 {The insecure
position of the white king determines Black advantage here. Bilanz: Mehrbauer
für Schwarz und luftige weiße Königsstellung.} 30. Qf2 Qe6 {[%csl Rc6][%cal
Ye6a2,Ye6g4,Rd6d5]} 31. Qf3 Bh6 32. Rh1 Kg7 33. Bd5 Qf5 {[%csl Rf4]} 34. Rh4
Re8 35. Kg3 Qb1 36. Qf2 Qd3+ 37. Bf3 Re3 {Damit sind nun durch feine Manöver
alle weißen Figuren zusammensgeschoben.} 38. Kg2 d5 39. a3 d4 40. cxd4 Qxd4 {
[%csl Rf4][%cal Rh6f4]} 41. f5 Qf6 42. fxg6 hxg6 43. Re4 {In der Hoffnung, daß
die ungleichfarbigen Läufer noch Remischancen geben.} (43. Rxh6 $2 Qg5+ $19)
43... Rxe4 44. Bxe4 Qxf2+ 45. Kxf2 Bc1 46. a4 Bxb2 47. Bc6 f5 48. Ke3 Kf6 49.
Kd3 g5 50. Kc4 g4 51. Kb5 Bd4 52. a5 bxa5 53. Kxa5 f4 54. Kb4 f3 (54... g3 55.
Bf3) 55. Kc4 Ke5 (55... Ke5 56. Kd3 Kf4 57. Kxd4 g3 $19) 0-1

[Event "Bundesliga 9899"]
[Site "Germany"]
[Date "1999.03.21"]
[Round "13.2"]
[White "Slobodjan, Roman"]
[Black "Khalifman, Alexander"]
[Result "0-1"]
[WhiteElo "2536"]
[BlackElo "2616"]
[Annotator "Sievers,S"]
[PlyCount "64"]
[EventDate "1998.10.17"]
[EventType "team-tourn"]
[EventRounds "15"]
[EventCountry "GER"]
[SourceTitle "GER-chT"]
[Source "ChessBase"]
[SourceDate "1999.07.01"]
[SourceVersion "1"]
[SourceVersionDate "1999.07.01"]
[SourceQuality "1"]
[WhiteTeam "Magdeburg USC"]
[BlackTeam "Porz"]
[WhiteTeamCountry "GER"]
[BlackTeamCountry "GER"]

1. e4 c5 2. Nf3 d6 3. d4 cxd4 4. Nxd4 Nf6 5. Nc3 Nc6 6. Be2 g6 7. Nb3 Bg7 8. g4
$6 {Dieser Zug ist natürlich mit einigen Risiken verbunden, da er die weiße
Stellung nicht unerheblich schwächt. In dieser Variante will Weiß gerade um
diesen Preis sofortigen Königsangriff erhalten. Dies ist jedoch nicht so
einfach.} Be6 (8... b6 9. f4 Bb7 10. Bf3 O-O 11. h4 a5 12. a4 Nb4 13. h5 d5
$132 {Smyslov,V-Kortschnoj,V/Moscow 1960}) 9. f4 O-O (9... Qb6 $5 10. f5 $6 (
10. g5 Nd7 11. Nd5 Bxd5 12. exd5 Nd4 $13) 10... Bxb3 11. axb3 Qd4 12. Ra4 Qxd1+
13. Bxd1 Nd7 $15 {Rossato,G-Lippi,A/Pellestrina 1979}) 10. f5 (10. h4 $6 {
mit direkten Angriffsversuchen kommt Weiß wohl nicht weiter.} d5 (10... Na5 11.
h5 Rc8 12. Bf3 Rxc3 13. bxc3 Bxg4 14. Bxg4 Nxg4 15. hxg6 fxg6 16. Qd5+ Kh8 17.
Bd2 Nxb3 18. Qxb3 Qc7 19. Rh4 Nf6 20. Qe6 Qb6 21. O-O-O Qc6 22. f5 gxf5 23.
exf5 Qd5 24. Qxd5 Nxd5 25. c4 Bf6 26. Rh3 Nb6 27. c5 dxc5 28. Be3 Na4 29. Rd7
b6 30. Rh6 Rg8 31. Rh1 Nc3 32. Rxa7 Ne2+ 33. Kd2 Nd4 34. Ke1 Nxf5 35. Bf2 Rd8
36. Ke2 Nd4+ 37. Bxd4 Rxd4 38. Rg1 h5 39. Rb7 Rd6 40. a4 c4 41. Rc7 c3 42. Rc8+
Kh7 43. Ra8 Rd2+ 44. Ke3 Bd4+ {0-1 Hilge,A-Kersten,U/Hessen qual 1990/GER (44)}
) 11. e5 (11. f5 d4 12. fxe6 dxc3 13. exf7+ Kh8 $15 {und Weiß bleibt mit
etlichen Schwächen zurück.}) 11... Ne4 12. Nxe4 dxe4 13. Be3 Qxd1+ 14. Rxd1 Nb4
$36) 10... Bd7 $1 {Schwarz erkennt, daß er den Läufer noch brauchen könnte.
Der Abtausch auf b3 ist dagegen viel schwächer.} (10... Bxb3 11. axb3 Nd7 12.
Be3 Nc5 $13 {Hilge,A-Engelmann,W/Bayern 1994}) 11. g5 Ne8 {Nun muß sich weiß
um den bauern f5 kümmern. Gern würde er jetzt mit seinen Bauern wieder
zurückziehen dürfen.} 12. O-O (12. fxg6 fxg6 $15 (12... hxg6 13. h4 {ist nicht
ungefährlich für Schwarz})) 12... a5 $1 13. a4 Qb6+ 14. Kh1 Nb4 {[#]  Schwarz
steht nun besser, da er auch die letzte weiße Idee, den Springer nach d5 zu
bringen, entkräftet hat.} 15. Nd5 $2 {Weiß verliert die Nerven. Seine Stellung
war zwar schlechter, doch keineswegs schon verloren.} (15. Bb5 $1 Bc6 (15...
Bxb5 16. axb5 Nc7 17. Qe2 $16) 16. Qe2 (16. fxg6 hxg6 17. Rf3 e6 $15) 16... d5
$1 {Durch diesen Gegenstoß im Zentrum öffnet Schwarz das Spiel zu seinen
Gunsten.} 17. Nxd5 (17. Be3 d4 18. Bg1 gxf5 19. Rxf5 e5 {nebst Sd6 mit
schwarzem Vorteil}) 17... Nxd5 18. Bxc6 Qxc6 19. exd5 Qxd5+ 20. Qf3 Qxf3+ 21.
Rxf3 Nd6 $15) 15... Nxd5 16. exd5 Bxf5 $17 17. Bf3 Rc8 18. c3 e5 $1 {Schwarz
entledigt sich des rückständigen Bauern e7 und öffnet die Stellung. Die
Schwächen in der weißen Stellung lassen sich jetzt nicht mehr verbergen.} 19.
dxe6 fxe6 20. Bg2 d5 21. Re1 Nd6 22. Be3 Qd8 23. Nd4 Ne4 {[#]} 24. Qb3 Nc5 25.
Qa2 $6 (25. Qd1 $5) 25... Nd3 26. Rg1 $2 (26. Rf1 Bxd4 27. cxd4 (27. Bxd4 Qxg5
{und Weiß kann aus der Diagonalen kein Vorteil ziehen.}) 27... Rc2 $36) 26...
Qxg5 $1 {Sehr schön aber doch nicht allzu schwer zu sehen. Der Rest ist
einfach.} 27. Rge1 (27. Bxg5 Nf2#) 27... Qh5 28. Rf1 Be5 29. Bg1 Bh3 30. Bxd5
Bxf1 31. Bxe6+ Kh8 32. Rxf1 Rxf1 0-1

[Event "Olympiad-32"]
[Site "Yerevan"]
[Date "1996.09.18"]
[Round "3.2"]
[White "Apicella, Manuel"]
[Black "Svidler, Peter"]
[Result "0-1"]
[WhiteElo "2560"]
[BlackElo "2650"]
[Annotator "Svidler,P"]
[PlyCount "82"]
[EventDate "1996.09.15"]
[EventType "team-swiss"]
[EventRounds "14"]
[EventCountry "ARM"]
[SourceTitle "CBM 055"]
[Source "ChessBase"]
[SourceDate "1996.12.01"]
[SourceVersion "1"]
[SourceVersionDate "1996.12.01"]
[SourceQuality "1"]
[WhiteTeam "France"]
[BlackTeam "Russia"]
[WhiteTeamCountry "FRA"]
[BlackTeamCountry "RUS"]

1. e4 c5 2. Nf3 Nc6 3. d4 cxd4 4. Nxd4 Nf6 5. Nc3 d6 6. Be2 g6 7. O-O Bg7 8.
Nb3 O-O 9. Bg5 a6 10. f4 b5 11. Bf3 Bb7 (11... b4 $5) 12. Kh1 Nd7 13. Rb1 (13.
Qe1 a5 14. Nxb5 a4 15. Nd2 h6 16. Bh4 Nc5 17. Nc4 Ba6 18. Nba3 Nd4 19. Rf2 Rc8
20. Rd1 Nxf3 21. gxf3 Qc7 $146 {Tal,M-Gufeld,E/URS/1977/}) 13... Re8 (13... Nb6
14. Nd5 Nc4 15. e5 Re8 (15... dxe5 16. Nc5 Ra7 17. Nxe7+ Nxe7 18. Qxd8 Rxd8 19.
Nxb7 Rd7 20. Rbd1 Rxd1 21. Rxd1 f6 $13 {Moroz,A-Levin,F/Lvov/1988/}) (15... f6
16. exf6 exf6 17. Bh4 Rf7 18. Re1 Qf8 19. c3 $14 {Sapis,L-Szymczak,R/POL/1988/}
) 16. exd6 Qxd6 17. Nxe7+ Nxe7 18. Bxb7 Qxd1 19. Rfxd1 Ra7 20. Rd7 Nf5 $146 {
Xie,J-Alterman,B/FRA/1994/}) 14. Nd5 f6 $1 {N Kramnik/} (14... Qb8 15. c3 a5
16. a3 a4 17. Nc1 e6 18. Ne3 Nf6 19. Nd3 Ne7 20. Nf2 $13 {Xie,J-Tisdall,J/USA/
1995/}) 15. Bh4 e6 16. Ne3 g5 $1 17. Bg3 (17. fxg5 fxg5 18. Bg3 Nde5 (18... Be5
19. Ng4 Bxg3 20. hxg3 Nde5 21. Nd4 $13) 19. Bh5 Rf8 20. Qe2 Qe7 21. c3 $13)
17... gxf4 18. Bxf4 Nde5 19. Bh5 Rf8 $15 20. c3 Qe7 21. Qe2 Ng6 22. Bg3 Nce5
23. Nd2 $8 (23. Ng4 f5 24. exf5 exf5 $17) 23... Kh8 (23... Rad8 $5 24. Rf2 Bh6
25. Rbf1 Qg7 $13) 24. Rf2 Rad8 25. Rbf1 Bh6 $15 26. Ng4 $6 Nxg4 27. Bxg4 d5 $1
$17 28. Bh5 (28. e5 f5 29. Bh5 d4 $1 30. cxd4 Rxd4 31. Nf3 Re4 $17) (28. exd5
Rxd5 (28... Bxd5 29. c4 Bxg2+ (29... bxc4 30. Nxc4 f5 (30... Qc5 31. b3 f5 32.
Bh5 $13) 31. Bh5 f4 32. Bxg6 fxg3 33. Rf7 (33. Qe5+ Kg8 (33... Bg7 $1 34. Qh5
h6 35. Rxf8+ Rxf8 36. Rxf8+ Qxf8 37. Bd3 Bxg2+ $19) 34. Rxf8+ (34. Bf7+ Rxf7
35. Rxf7 Qh4 $19) 34... Rxf8 35. Rxf8+ Qxf8 36. Bd3 $15) (33. Rxf8+ Rxf8 34.
Rxf8+ Qxf8 (34... Bxf8 35. Bd3 $10) 35. Bd3 Bf4 $15) 33... Rxf7 34. Rxf7 Qh4
$19) (29... Ba8 $1 30. Nb3 $1 (30. Nf3 f5 31. Bh5 f4 $19) 30... f5 31. Bh5 f4 (
31... Be4 $1 32. Bxg6 hxg6 33. Re1 Rd3 (33... Bd3 34. Qxe6 Qxe6 35. Rxe6 Bxc4
$15) 34. Be5+ Kg8 35. cxb5 axb5 $17) 32. Bxg6 hxg6 33. Bxf4 Bxf4 34. Rxf4 Rxf4
35. Rxf4 (35. Qe5+ Qf6) 35... Qg5 36. Rg4 Qf5 37. h3 $16) 30. Kxg2 Rxd2 31.
Qxe6 $16) 29. Nb3 f5 30. Bh5 $1 (30. Bf3 f4 31. Bxd5 Bxd5 $17) 30... f4 31.
Bxg6 fxg3 (31... hxg6 32. Bxf4 Bxf4 33. Rxf4 Rxf4 34. Rxf4 Qg5 35. Rf1 $16))
28... dxe4 29. Nxe4 f5 30. Bxg6 (30. Nd6 $5 Rxd6 31. Bxg6 f4 32. Bc2 (32. Qe5+
Kg8 33. Bh4 Qxh4 34. Bxh7+ Kxh7 35. Qxd6 Qf6 $17) 32... e5 (32... fxg3 33. Qe5+
Kg8 34. Qxg3+ Kh8 35. Qe5+ $16) 33. Bxf4 $1 Bxf4 34. Rxf4 Rxf4 35. Rxf4 Bxg2+
36. Kxg2 Qg5+ 37. Rg4 Rd2 38. Rxg5 Rxe2+ 39. Kf3 Rxc2 $17) 30... hxg6 31. Nd6
Ba8 $1 $19 (31... Bd5 32. c4 $1 $13) 32. Be5+ (32. Qe5+ Kg8 33. Rd1 Bg7 34. Qc5
e5 35. Rfd2 f4 36. Bf2 Qg5 $19) 32... Kg8 33. Rd1 (33. Qd3 Bg7 34. Bxg7 Qxg7
35. Rd2 Bd5 $19) 33... Rd7 34. Qd3 Rfd8 35. Qg3 (35. Qh3 Bg7) (35. Rfd2 Bd5 36.
Qh3 Bg7 $19) 35... Qg5 36. Qxg5 Bxg5 37. Rd3 (37. b3 Bd5 38. c4 bxc4 39. bxc4
Bxc4 $19) 37... Be4 38. Rh3 Rxd6 39. Rh8+ Kf7 40. Rh7+ Ke8 41. Rh8+ Kd7 0-1